| 000 | 00821cab a2200205 4500 | ||
|---|---|---|---|
| 001 | ABS42292 | ||
| 008 | 090401t1990 xxu||||| |||| 00| 0 eng d | ||
| 035 | _a(Sirsi) u36027 | ||
| 041 | _aeng | ||
| 245 | _aInsulation for the 1990s | ||
| 260 | _c1990 | ||
| 350 | _a0 | ||
| 490 |
_aBuilding Today _v199(5849) 29 March 1990, 19-52(26) |
||
| 520 | _aDetailed article on how the new Building Regulations for thermal insulation and ventilation can be met. Summarises the main changes and examines different aspects of construction including ground floors , concrete floors , timber floors, walls , cavity walls , windows , pitchedroofs and flat roofs . | ||
| 650 | _aENERGY CONSERVATION | ||
| 650 | _aENERGY EFFICIENCY | ||
| 690 | _aBUILDING AND CONSTRUCTION-ENERGY CONSERVATION | ||
| 942 | _n0 | ||
| 948 | _c04/03/1997 | ||
| 999 |
_c23533 _d23533 |
||